000 00610nam a2200217Ia 4500
005 20241129115948.0
008 241129s9999||||xx |||||||||||||| ||und||
020 _a9780226819129
037 _aTB
040 _aSDCL
_beng
_cSDCL
041 _aeng
_2eng
084 _aW6, R2
_qSDCL
100 _aRingen Stein
_9558388
245 0 _aHow democracies live: Power, statecraft, and freedom in modern societies
260 _aChicago
_bUniversity of Chicago Press
_c2022
300 _a215p.
365 _aUSD
_b30
650 _aPolitical Science
942 _cTB
_hW6, R2
999 _c1232769
_d1232769